Les premières chansons des artistes - Statistiques

Statistiques générales
  • Ce quiz a été pris 37 fois
  • Le résultat moyen est 12 sur 30
Statistiques - réponses
Première lettre de l'artiste Première Chanson Artiste % Correct
B ...Baby One More Time Britney Spears
94%
I L'Aventurier Indochine
80%
C Belles! Belles! Belles! Claude François
77%
M Bouge de là MC Solaar
66%
A La Loi de Murphy Angèle
63%
Q Keep Yourself Alive Queen
60%
R Pon de Replay Rihanna
60%
J Sort le cross volé Jul
57%
L Just Dance Lady Gaga
54%
O Supersonic Oasis
49%
E Les Mômes de la cloche Édith Piaf
46%
E Just Don't Give a Fuck Eminem
46%
M Maman a tort Mylène Farmer
46%
M Everybody Madonna
43%
B Work It Out Beyoncé
34%
M Got to Be There Michael Jackson
34%
B Love Me Do The Beatles
34%
R Crève salope Renaud
31%
B Ocean Eyes Billie Eilish
29%
W You Give Good Love Whitney Houston
26%
A Put Your Hearts Up Ariana Grande
23%
F Ne sois pas si bête France Gall
23%
W Wicked Games The Weeknd
23%
A Karma Aya Nakamura
17%
B Judge Not Bob Marley
17%
N Love Buzz Nirvana
17%
R Come On The Rolling Stones
17%
D Best I Ever Had Drake
14%
J T'aimer follement Johnny Hallyday
11%
P Je vis je visser PNL
11%
Aucun quiz correspondant
Distribution des résultats
% des personnes avec chaque résultat
Percentile par nombre de réponses
Votre historique - résultats
Vous n’avez pas pris ce quiz